Así terminó la guerra de España (Record no. 95703)

MARC details
000 -LEADER
campo de control de longitud fija 00807cam a2200289Mi 4500
001 - NÚMERO DE CONTROL
campo de control 101079
005 - FECHA Y HORA DE LA ÚLTIMA TRANSACCIÓN
campo de control 20230410143110.0
008 - DATOS DE LONGITUD FIJA--INFORMACIÓN GENERAL
campo de control de longitud fija 010924s2000 xx 000 0 spa d
035 ## - NÚMERO DE CONTROL DEL SISTEMA
Número de control de sistema (OCoLC)ocn231878003
040 ## - FUENTE DE CATALOGACIÓN
Centro catalogador/agencia de origen GEBAY
Lengua de catalogación ger
Centro/agencia transcriptor GEBAY
020 ## - NÚMERO INTERNACIONAL ESTÁNDAR DEL LIBRO
Número Internacional Estándar del Libro 8495379090
020 ## - NÚMERO INTERNACIONAL ESTÁNDAR DEL LIBRO
Número Internacional Estándar del Libro 9788495379092
035 ## - NÚMERO DE CONTROL DEL SISTEMA
Número de control de sistema (OCoLC)231878003
049 ## - FONDOS LOCALES (OCLC)
Biblioteca depositaria GRAL
050 14 - SIGNATURA TOPOGRÁFICA DE LA BIBLIOTECA DEL CONGRESO
Número de clasificación bB151t 2000
100 1# - ENTRADA PRINCIPAL--NOMBRE DE PERSONA
Nombre de persona Bahamonde Magro, Angel
245 00 - MENCIÓN DEL TÍTULO
Título Así terminó la guerra de España
Mención de responsabilidad, etc. Angel Bahamonde Magro ; Javier Cervera Gil
250 ## - MENCION DE EDICION
Mención de edición 2. ed.
260 ## - PUBLICACIÓN, DISTRIBUCIÓN, ETC.
Lugar de publicación, distribución, etc. Madrid [u.a.]
Nombre del editor, distribuidor, etc. Marcial Pons, Historia
Fecha de publicación, distribución, etc. 2000
300 ## - DESCRIPCIÓN FÍSICA
Extensión 529 S. :
Otras características físicas Kt.
490 0# - MENCIÓN DE SERIE
Mención de serie Estudios
653 0# - TÉRMINO DE INDIZACIÓN--NO CONTROLADO
Término no controlado Spanischer Bürgerkrieg
-- Geschichte (1938-1939)
700 1# - ENTRADA AGREGADA--NOMBRE PERSONAL
Nombre de persona Cervera Gil, Javier
942 ## - ELEMENTOS DE ENTRADA SECUNDARIOS (KOHA)
Fuente del sistema de clasificación o colocación Clasificación de Library of Congress
Tipo de ítem Koha
946 ## - PROCESAMIENTO DE INFORMACIÓN LOCAL (OCLC)
a MAT
994 ## -
-- C0
-- DRFGD
Holdings
Estatus retirado Estado de pérdida Fuente del sistema de clasificación o colocación Estado de daño No para préstamo Colección Biblioteca de origen Biblioteca actual Ubicación en estantería Fecha de adquisición Signatura topográfica completa Código de barras Visto por última vez Copia número Tipo de ítem Koha
    Clasificación de Library of Congress     Automatización y Procesos Técnicos Biblioteca Juan Bosch Biblioteca Juan Bosch Automatización y Procesos Técnicos (1er. Piso) 10/04/2023 B151t 2000 00000094218 21/01/2019 1